| 000 | 00789nam a2200193 a 4500 | ||
|---|---|---|---|
| 005 | 20210219160048.0 | ||
| 008 | 080625s1986 mx r 000 0 spa d | ||
| 035 | _aUPN01000157666 | ||
| 049 | _aUNE | ||
| 080 | _a616-07 (-77)=20 "1985" REP. | ||
| 111 | 2 |
_aInternational Workshosp on Medical Expert Systems and Social-Economic Opportunities for their Implementation in Developing Countries : Proceedings _d(1985 : _cLaxenburg, Austria) |
|
| 245 | 1 | 0 |
_aReports / _cby T. Vasko, Y. Mentalecheta. |
| 260 |
_aLaxemburg, Austria : _bILASA, _c1986. |
||
| 300 |
_a58 p. : _bil. |
||
| 690 | _aDiagnóstico médico - Paisés en desarrollo | ||
| 690 | _aPaíses en desarrollo - Diagnóstico médico | ||
| 710 | 2 | _aInternational Institute for Applied Systems Analysis (Austria) | |
| 905 | _aUNESCO | ||
| 999 |
_c129780 _d129780 |
||